00282nam a2200121Ia 4500008004100000100000900041245004600050260001800096300001000114650001200124942000700136999001700143190216s9999||||xx |||||||||||||| ||und|| aNull 0aUpto Date Diodes Data & Comparison Tables bBpb Pubc1997 a5-17p aPhysics cBK c33681d33681